• 首页
  • 本馆介绍
  • 公告通知
  • 最新文献
  • 馆藏检索
  • 电子资源
  • 读者导购
  • 参考咨询
  • 我的图书馆
  • 登录
  • 详细信息显示
  • 放入我的书架
  • 预约/预借图书
  • 作者相关作品
  • 分类相关作品
  • 丛书相关作品
  • 出版社相关作品

书目信息

  • 表格格式
  • 工作单格式
  • 卡片格式
题名:
政治经济学
    
 
作者: 于光远 , 苏星 主编
分册: 中册   资本主义部分
出版信息: 北京   人民出版社  1977.3
页数: 124页
开本: 19cm
丛书名:
单 册:
中图分类: F038
科图分类:
主题词: 资本主义社会--生产方式
电子资源:
ISBN:
000 00704nam0 2200229 45
001 0304111010
005 20060819093547.46
010    @dCNY0.26
091    @a4001.333
100    @a20030411d1977 km y0chiy0120 ea
101 0  @achi
200 1  @a政治经济学@AZheng Zhi Jing Ji Xue@i资本主义部分@h中册@f于光远,苏星主编@FYu Guang Yuan,Su Xing Zhu Bian
210    @a北京@c人民出版社@d1977.3
215    @a124页@d19cm
300    @a内部发行
517    @a资本主义部分@AZi Ben Zhu Yi Bu Fen
606 0  @a资本主义社会@x生产方式
690    @aF038@v3
701  0 @a于光远@4主编
701  0 @a苏星@4主编
801    @aCN@bTSTC@c20060819
905    @dF038@e1:2@f2@b4220-221@f1@b4227@f4@b31970-973@f5@b38919-923@b3306@f1
    
    政治经济学.资本主义部分.中册/于光远,苏星主编.-北京:人民出版社,1977.3
    124页;19cm
    内部发行
    
    ISBN :CNY0.26
    
●
相关链接 在E读中查询图书 在五车中查询图书 在当当中查询图书 在豆瓣中查询图书


正题名:政治经济学     索取号:F038/1:2         预约/预借

序号 登录号 条形码 馆藏地/架位号 状态 备注
1 0003306   001271750   密集书库/ [索取号:F038/1:2] 在馆    
2 0004219   001793081   密集书库/ [索取号:F038/1:2] 在馆    
3 0004220   001271741   密集书库/ [索取号:F038/1:2] 在馆    
4 0004221   001582674   密集书库/ [索取号:F038/1:2] 在馆    
5 0004223   001793125   密集书库/ [索取号:F038/1:2] 在馆    
6 0004227   001271858   密集书库/ [索取号:F038/1:2] 在馆    
7 0004232   202165762   密集书库/ [索取号:F038/1:2] 在馆    
8 0031970   001270617   密集书库/ [索取号:F038/1:2] 在馆    
9 0031971   001271787   密集书库/ [索取号:F038/1:2] 在馆    
10 0031972   001270644   密集书库/ [索取号:F038/1:2] 在馆    
11 0031973   001270582   密集书库/ [索取号:F038/1:2] 在馆    
12 0031974   202130595   密集书库/ [索取号:F038/1:2] 在馆    
13 0038919   001270591   第一借阅区/ [索取号:F038/1:2] 在馆    
14 0038920   001270608   密集书库/ [索取号:F038/1:2] 在馆    
15 0038921   001270635   密集书库/ [索取号:F038/1:2] 在馆    
16 0038922   001270626   密集书库/ [索取号:F038/1:2] 在馆    
17 0038923   001270573   密集书库/ [索取号:F038/1:2] 在馆    
18 0426748   204267480   密集书库/ [索取号:F038/1:2] 在馆    
19 0469433   204694330   密集书库/ [索取号:F038/1:2] 在馆    
唐山师范学院图书馆 欢迎您!
大连网信软件有限公司© 版权所有